[Event "Heusenstamm Sparkassen op-B 7th"]
[Site "Heusenstamm"]
[Date "2021.11.19"]
[Round "2.4"]
[White "Czinkota, Michael"]
[Black "Keymer, Cecilia"]
[Result "0-1"]
[WhiteElo "1604"]
[BlackElo "1634"]
[PlyCount "52"]
[EventDate "2021.11.18"]
[EventType "swiss"]
[EventRounds "7"]
[EventCountry "GER"]
[SourceTitle "EXT 2023"]
[Source "ChessBase"]
[SourceDate "2022.10.05"]
[SourceVersion "1"]
[SourceVersionDate "2022.10.05"]
[SourceQuality "1"]

1. e4 e5 2. Nf3 Nc6 3. Bc4 Bc5 4. c3 Nf6 5. d3 d6 6. Nbd2 a6 7. Bb3 Ba7 8. Nf1 h6 9. Ng3 0-0 10. 0-0 d5 11. exd5 Nxd5 12. Re1 Be6 13. Nxe5 Nxe5 14. Rxe5 Bxf2+ 15. Kh1 Bxg3 16. hxg3 c6 17. Bd2 Qd6 18. d4 Rfe8 19. Qf3 Rad8 20. Rae1 Qf8 21. Qe2 Nc7 22. Bxe6 Rxe6 23. Bf4 Rde8 24. c4 Rxe5 25. dxe5 Ne6 26. Qe3 g5 0-1

[Event "Heusenstamm Sparkassen op-B 7th"]
[Site "Heusenstamm"]
[Date "2021.11.18"]
[Round "1.38"]
[White "Buettner, Anton"]
[Black "Czinkota, Michael"]
[Result "0-1"]
[WhiteElo "1234"]
[BlackElo "1604"]
[PlyCount "157"]
[EventDate "2021.11.18"]
[EventType "swiss"]
[EventRounds "7"]
[EventCountry "GER"]
[SourceTitle "EXT 2023"]
[Source "ChessBase"]
[SourceDate "2022.10.05"]
[SourceVersion "1"]
[SourceVersionDate "2022.10.05"]
[SourceQuality "1"]

1. e4 e5 2. Nf3 Nc6 3. Bc4 Nf6 4. d3 Bc5 5. Nc3 d6 6. h3 Na5 7. Bb3 Nxb3 8. axb3 0-0 9. Bg5 h6 10. Bh4 c6 11. 0-0 Qe7 12. Qe2 Qe6 13. Rad1 d5 14. exd5 cxd5 15. Qxe5 g5 16. Qxe6 Bxe6 17. Bg3 Nh5 18. Be5 f6 19. Bd4 Bb4 20. Rfe1 Rfe8 21. Re2 a6 22. Ra1 Rac8 23. Nd1 Nf4 24. Re3 Rxc2 25. Bxf6 Bd2 26. Re5 Kf7 27. Bxg5 hxg5 28. Nxg5+ Kf6 29. Nf3 Rg8 30. g3 Nxh3+ 31. Kg2 Nf4+ 32. Kf1 Nxd3 33. Rxe6+ Kxe6 34. Nd4+ Ke5 35. Nxc2 Rc8 36. Ke2 Nb4 37. f4+ Kd6 38. Kxd2 Rxc2+ 39. Ke3 Ke6 40. g4 Rc8 41. Nc3 Nc2+ 42. Kf3 Nxa1 43. g5 d4 44. Ne4 Rf8 45. Kg4 d3 46. Nc5+ Kf7 47. Nxd3 Nxb3 48. Ne5+ Kg7 49. f5 Nd4 50. f6+ Kg8 51. Ng6 Rf7 52. Ne5 Rf8 53. Ng6 Rd8 54. Kf4 Ne6+ 55. Ke5 Nxg5 56. b4 Kf7 57. Nf4 Nh7 58. Nh3 Nxf6 59. Ng5+ Kg6 60. Ne6 Rd1 61. Nf4+ Kf7 62. Kf5 Nd5 63. Ng2 Nxb4 64. Ne3 Rd3 65. Nc4 a5 66. Ne5+ Ke7 67. Nxd3 Nxd3 68. Ke4 Nb4 69. Kd4 Kd6 70. Kc4 Kc6 71. Kb3 b5 72. Kc3 Kc5 73. Kb3 Nd5 74. Ka3 Kc4 75. Kb2 Kb4 76. Ka2 a4 77. Kb2 a3+ 78. Ka2 Nc3+ 79. Ka1 0-1

[Event "Heusenstamm Sparkassen op U14 6th"]
[Site "Heusenstamm"]
[Date "2019.11.23"]
[Round "2"]
[White "Czinkota, Michael"]
[Black "Zhao, Yunsheng"]
[Result "0-1"]
[WhiteElo "1604"]
[BlackElo "1145"]
[PlyCount "118"]
[EventDate "2019.11.21"]
[EventType "swiss"]
[EventRounds "7"]
[EventCountry "GER"]
[SourceTitle "CBM 194 Extra"]
[Source "ChessBase"]
[SourceDate "2020.03.31"]
[SourceVersion "1"]
[SourceVersionDate "2020.03.31"]
[SourceQuality "1"]

1. e4 e5 2. Nf3 Nc6 3. Bc4 Bc5 4. c3 Nf6 5. d3 h6 6. 0-0 0-0 7. Re1 d6 8. Nbd2 Be6 9. Bxe6 fxe6 10. Qb3 Qc8 11. Nf1 Ng4 12. Re2 b6 13. h3 Nf6 14. Qc2 Re8 15. b4 Bxb4 16. cxb4 Nxb4 17. Qc4 c5 18. a3 Nc6 19. Ng3 d5 20. Qc2 d4 21. Bd2 Qd7 22. a4 a5 23. Qb3 Rab8 24. Rb1 Nb4 25. Nxe5 Qd6 26. f4 Nd7 27. Nf5 Qc7 28. Nxd7 Qxd7 29. e5 Kh7 30. Nd6 Rf8 31. Rf2 Nd5 32. Qd1 Ne3 33. Bxe3 dxe3 34. Rf3 Qc6 35. Qc2 Qd5 36. Rd1 Qd4 37. Kh1 Rxf4 38. Nb5 Qxe5 39. Rxf4 Qxf4 40. d4+ Qf5 41. Qxf5+ exf5 42. dxc5 bxc5 43. Rd5 Re8 44. Rd1 g5 45. Re1 f4 46. Nd6 Rd8 47. Nc4 Rd4 48. Nxa5 Rxa4 49. Nb3 c4 50. Nd4 c3 51. Nc2 Ra2 52. Rc1 e2 53. Kg1 Kg6 54. Kf2 Kf5 55. Kxe2 Ke4 56. Ke1 Rb2 57. Ke2 h5 58. Kd1 g4 59. Ne1 Rd2# 0-1

[Event "Eschborn op"]
[Site "Eschborn"]
[Date "2019.08.18"]
[Round "5.28"]
[White "Rolle, Klaus"]
[Black "Czinkota, Michael"]
[Result "1/2-1/2"]
[WhiteElo "1475"]
[BlackElo "1318"]
[PlyCount "65"]
[EventDate "2019.08.16"]
[EventType "swiss"]
[EventRounds "5"]
[EventCountry "GER"]
[SourceTitle "EXT 2024"]
[Source "ChessBase"]
[SourceDate "2023.10.10"]
[SourceVersion "1"]
[SourceVersionDate "2023.10.10"]
[SourceQuality "1"]

1. c4 e5 2. Nc3 Nc6 3. g3 Bc5 4. Bg2 Nf6 5. e3 d6 6. Nge2 Bg4 7. 0-0 0-0 8. h3 Bh5 9. a3 a5 10. b3 Qc8 11. Bb2 Re8 12. Nd5 Nd7 13. Qe1 e4 14. g4 Bg6 15. Nef4 Nce5 16. Qb1 Nf3+ 17. Bxf3 exf3 18. Nxg6 hxg6 19. d4 Ba7 20. Qd1 c6 21. Nc3 Nf6 22. Qxf3 d5 23. cxd5 cxd5 24. Nxd5 Ne4 25. Qd1 Qc6 26. Nf4 Bb8 27. Rc1 Qd6 28. f3 Nf6 29. Qd2 g5 30. Nd3 Rxe3 31. Rc8+ Kh7 32. Rxb8 Rxb8 33. Qxe3 1/2-1/2

[Event "Frankfurt-chB"]
[Site "Frankfurt"]
[Date "2019.05.27"]
[Round "5"]
[White "Czinkota, Michael"]
[Black "Tryfon, Konstantin"]
[Result "1/2-1/2"]
[WhiteElo "1144"]
[BlackElo "1239"]
[PlyCount "74"]
[EventDate "2019.04.29"]
[EventType "swiss"]
[EventRounds "7"]
[EventCountry "GER"]
[SourceTitle "EXT 2020"]
[Source "ChessBase"]
[SourceDate "2019.10.17"]
[SourceVersion "1"]
[SourceVersionDate "2019.10.17"]
[SourceQuality "1"]

1. e4 e5 2. Nf3 Nc6 3. Bc4 Nf6 4. d3 Bc5 5. c3 d6 6. Bb3 Be6 7. Bxe6 fxe6 8. Qb3 Qc8 9. 0-0 0-0 10. h3 Bb6 11. Nbd2 d5 12. Re1 Kh8 13. exd5 exd5 14. Nxe5 Re8 15. d4 Na5 16. Qc2 c5 17. Ndf3 cxd4 18. Nxd4 Bxd4 19. Bf4 Bxe5 20. Bxe5 Qe6 21. Bc7 Qxe1+ 22. Rxe1 Rxe1+ 23. Kh2 Nc6 24. Qb3 b6 25. Qa4 Rc8 26. Bg3 Ne4 27. Bh4 g5 28. Bg3 Nxg3 29. Kxg3 Re4 30. Qc2 Nd4 31. Qd2 Ne2+ 32. Kh2 Nf4 33. g3 Re2 34. Qd4+ Kg8 35. gxf4 gxf4 36. Qxd5+ Kh8 37. Qd4+ Kg8 1/2-1/2

[Event "Frankfurt-chB"]
[Site "Frankfurt"]
[Date "2019.05.20"]
[Round "4"]
[White "Mook, Karl Juergen"]
[Black "Czinkota, Michael"]
[Result "0-1"]
[WhiteElo "1261"]
[BlackElo "1144"]
[PlyCount "58"]
[EventDate "2019.04.29"]
[EventType "swiss"]
[EventRounds "7"]
[EventCountry "GER"]
[SourceTitle "EXT 2020"]
[Source "ChessBase"]
[SourceDate "2019.10.17"]
[SourceVersion "1"]
[SourceVersionDate "2019.10.17"]
[SourceQuality "1"]

1. e4 e5 2. Nf3 Nc6 3. Be2 Nf6 4. d4 exd4 5. e5 Ng4 6. 0-0 Ngxe5 7. Nxd4 Bc5 8. Nxc6 Nxc6 9. Nc3 0-0 10. Na4 Bd4 11. Bf4 d6 12. Bf3 Qf6 13. Bc1 Bd7 14. c3 Be5 15. Qd3 Qh4 16. g3 Qxa4 17. b3 Qa6 18. Qc2 Nb4 19. cxb4 Bxa1 20. Be2 Bb5 21. Bxb5 Qxb5 22. Qxc7 Qc6 23. Qe7 Rfe8 24. Qg5 Bf6 25. Qg4 Qe4 26. Qd1 Qxb4 27. Bf4 Rad8 28. Qg4 Be5 29. Bh6 Qxg4 0-1

[Event "Heusenstamm Sparkassen op U14 5th"]
[Site "Heusenstamm"]
[Date "2018.11.25"]
[Round "5"]
[White "Czinkota, Michael"]
[Black "Keller, Erik"]
[Result "1-0"]
[WhiteElo "1158"]
[BlackElo "1082"]
[PlyCount "75"]
[EventDate "2018.11.23"]
[EventType "swiss"]
[EventRounds "7"]
[EventCountry "GER"]
[SourceTitle "CBM 188 Extra"]
[Source "ChessBase"]
[SourceDate "2019.02.26"]
[SourceVersion "1"]
[SourceVersionDate "2019.02.26"]
[SourceQuality "1"]

1. e4 e5 2. Nf3 Nf6 3. Nxe5 d6 4. Nf3 Nxe4 5. Bc4 Bg4 6. 0-0 Ng5 7. Qe1+ Ne6 8. Qe4 Bxf3 9. Qxf3 c6 10. b3 d5 11. Bd3 Be7 12. Bb2 0-0 13. Qh5 g6 14. Qf3 Nd7 15. Nc3 Ne5 16. Qg3 Nxd3 17. Qxd3 Bf6 18. f4 Bh8 19. f5 Nc7 20. a4 b6 21. fxg6 hxg6 22. Rf3 c5 23. Raf1 Bxc3 24. dxc3 Ne6 25. Bc1 d4 26. Rh3 dxc3 27. Qe3 Qd4 28. Rf2 Qxe3 29. Rxe3 Rad8 30. Rxc3 Rd1+ 31. Rf1 Rxf1+ 32. Kxf1 Rd8 33. Bb2 Nd4 34. Rh3 Kf8 35. Kf2 Re8 36. b4 Nxc2 37. Bf6 Re2+ 38. Kxe2 1-0

[Event "Heusenstamm Sparkassen op U14 5th"]
[Site "Heusenstamm"]
[Date "2018.11.24"]
[Round "4"]
[White "Matsoukas, Konstantinos"]
[Black "Czinkota, Michael"]
[Result "0-1"]
[WhiteElo "866"]
[BlackElo "1158"]
[PlyCount "50"]
[EventDate "2018.11.23"]
[EventType "swiss"]
[EventRounds "7"]
[EventCountry "GER"]
[SourceTitle "CBM 188 Extra"]
[Source "ChessBase"]
[SourceDate "2019.02.26"]
[SourceVersion "1"]
[SourceVersionDate "2019.02.26"]
[SourceQuality "1"]

1. e4 e5 2. Nf3 Nc6 3. g3 Bc5 4. Bg2 Nf6 5. 0-0 0-0 6. Nxe5 Nxe5 7. d4 Bxd4 8. Qxd4 d6 9. Bg5 h6 10. Nc3 hxg5 11. Nd5 Nxd5 12. Qxd5 Be6 13. Qxb7 Qf6 14. Qxc7 Nf3+ 15. Kh1 Nd2 16. Rfd1 Qd4 17. Rab1 Qxf2 18. Ra1 Bg4 19. Qxd6 Bxd1 20. Rxd1 Rad8 21. Qe7 Qe2 22. Rg1 Nf3 23. Rf1 Rd1 24. Qxa7 Rxf1+ 25. Bxf1 Qxh2# 0-1

[Event "Bad Soden U14 op 5th"]
[Site "Bad Soden"]
[Date "2018.10.01"]
[Round "3.3"]
[White "Czinkota, Michael"]
[Black "Lorenz, Alexander1111"]
[Result "0-1"]
[WhiteElo "1267"]
[BlackElo "1748"]
[PlyCount "88"]
[EventDate "2018.09.30"]
[EventType "swiss"]
[EventRounds "7"]
[EventCountry "GER"]
[SourceTitle "EXT 2020"]
[Source "ChessBase"]
[SourceDate "2019.10.17"]
[SourceVersion "1"]
[SourceVersionDate "2019.10.17"]
[SourceQuality "1"]

1. e4 c5 2. Nc3 d6 3. f4 g6 4. Nf3 Bg7 5. Bc4 e6 6. 0-0 a6 7. a4 Nc6 8. d3 Nge7 9. Qe1 Bd7 10. Be3 Rg8 11. Qh4 h5 12. f5 exf5 13. Bg5 Bxc3 14. bxc3 fxe4 15. Rae1 exf3 16. Rxf3 Bf5 17. Rfe3 Be6 18. Bxe6 fxe6 19. Rxe6 Rg7 20. Bf6 Rf7 21. Qg3 Kf8 22. Qg5 Rh7 23. Rf1 Kg8 24. Rfe1 Kf8 25. d4 b6 26. d5 Ne5 27. Bxe7+ Rxe7 28. Qf6+ Ke8 29. Rxd6 Nf3+ 30. gxf3 Rxe1+ 31. Kf2 Qxf6 32. Rxf6 Rd1 33. Rxg6 Kf7 34. Rxb6 Rxd5 35. Rb7+ Ke6 36. Ke3 Re8 37. Ke4 Re5+ 38. Kf4 Rf8+ 39. Kg3 Re3 40. Rb6+ Ke5 41. Rxa6 Rexf3+ 42. Kg2 Rf2+ 43. Kg1 Rxc2 44. c4 Rb8 0-1

[Event "Bad Soden U14 op 5th"]
[Site "Bad Soden"]
[Date "2018.10.01"]
[Round "4.8"]
[White "Hery, Bastian"]
[Black "Czinkota, Michael"]
[Result "0-1"]
[WhiteElo "1096"]
[BlackElo "1267"]
[PlyCount "42"]
[EventDate "2018.09.30"]
[EventType "swiss"]
[EventRounds "7"]
[EventCountry "GER"]
[SourceTitle "EXT 2020"]
[Source "ChessBase"]
[SourceDate "2019.10.17"]
[SourceVersion "1"]
[SourceVersionDate "2019.10.17"]
[SourceQuality "1"]

1. e4 e5 2. Nf3 Nc6 3. Bc4 Bc5 4. c3 Nf6 5. d4 exd4 6. cxd4 Bb6 7. d5 Na5 8. Bd3 d6 9. b4 Nc4 10. Bxc4 Nxe4 11. Qe2 f5 12. Nc3 0-0 13. Nxe4 fxe4 14. Ng5 Rxf2 15. Qxe4 Bf5 16. Ne6 Qf6 17. Be3 Bxe4 18. Bxf2 Qxa1+ 19. Ke2 Qxh1 20. Be1 Qxg2+ 21. Kd1 Qc2# 0-1

[Event "Heusenstamm Sparkassen op U14 4th"]
[Site "Heusenstamm"]
[Date "2017.11.25"]
[Round "2"]
[White "Wu, Sifan"]
[Black "Czinkota, Michael"]
[Result "0-1"]
[WhiteElo "1255"]
[BlackElo "1139"]
[PlyCount "60"]
[EventDate "2017.11.24"]
[EventType "swiss"]
[EventRounds "5"]
[EventCountry "GER"]
[SourceTitle "EXT 2019"]
[Source "ChessBase"]
[SourceDate "2018.10.10"]
[SourceVersion "1"]
[SourceVersionDate "2018.10.10"]
[SourceQuality "1"]

1. e4 e5 2. Nf3 Nc6 3. Bb5 a6 4. Ba4 Bc5 5. 0-0 Nf6 6. d3 b5 7. Bb3 d6 8. h3 0-0 9. Bg5 h6 10. Bh4 Be6 11. Nc3 Nd4 12. Bd5 c6 13. Bxe6 fxe6 14. Nxd4 Bxd4 15. Rb1 Rb8 16. Ne2 Ba7 17. c3 Qe8 18. Qc2 Qh5 19. Bg3 Rb7 20. d4 Rbf7 21. dxe5 dxe5 22. c4 Rd7 23. Rbe1 Qg5 24. Nc1 Qxg3 25. cxb5 axb5 26. Qxc6 Ng4 27. Qxe6+ Kh8 28. hxg4 Bxf2+ 29. Rxf2 Qxf2+ 30. Kh2 Qh4+ 0-1

[Event "Bad Soden U14 op"]
[Site "Bad Soden"]
[Date "2017.10.02"]
[Round "6"]
[White "Wu, Sifan"]
[Black "Czinkota, Michael"]
[Result "1-0"]
[WhiteElo "1264"]
[BlackElo "1035"]
[PlyCount "87"]
[EventDate "2017.09.30"]
[EventType "swiss"]
[EventRounds "9"]
[EventCountry "GER"]
[SourceTitle "EXT 2019"]
[Source "ChessBase"]
[SourceDate "2018.10.10"]
[SourceVersion "1"]
[SourceVersionDate "2018.10.10"]
[SourceQuality "1"]

1. e4 e5 2. Nf3 Nc6 3. Bb5 a6 4. Bxc6 dxc6 5. 0-0 Nf6 6. Nxe5 Bd6 7. Nf3 Nxe4 8. Re1 Bf5 9. d3 0-0 10. dxe4 Bxe4 11. Nc3 Re8 12. Bf4 Bxf3 13. Qxf3 Bxf4 14. Rxe8+ Qxe8 15. Qxf4 Qd7 16. Rd1 Qe7 17. h3 h6 18. Qe4 Qc5 19. Rd7 Rf8 20. Rxc7 Qb6 21. Qe7 Qxb2 22. Ne4 Qc1+ 23. Kh2 Qf4+ 24. g3 Qc1 25. Nc5 b6 26. Ne6 Qe1 27. Qxf8+ Kh7 28. Qxf7 Qe5 29. Qxg7+ Qxg7 30. Rxg7+ Kh8 31. Kg2 b5 32. Kf3 b4 33. Ke4 c5 34. Kd5 b3 35. cxb3 a5 36. Kxc5 h5 37. Rg5 h4 38. Kd6 a4 39. Ke7 Kh7 40. Kf7 Kh6 41. Rg8 Kh7 42. Ng5+ Kh6 43. Kf6 a3 44. Rh8# 1-0

[Event "Bad Soden U14 op"]
[Site "Bad Soden"]
[Date "2017.09.30"]
[Round "1"]
[White "Gliesche, Joel"]
[Black "Czinkota, Michael"]
[Result "0-1"]
[WhiteElo "732"]
[BlackElo "1035"]
[PlyCount "78"]
[EventDate "2017.09.30"]
[EventType "swiss"]
[EventRounds "9"]
[EventCountry "GER"]
[SourceTitle "EXT 2019"]
[Source "ChessBase"]
[SourceDate "2018.10.10"]
[SourceVersion "1"]
[SourceVersionDate "2018.10.10"]
[SourceQuality "1"]

1. e4 e5 2. Nf3 Nc6 3. Bc4 Nf6 4. d3 Bc5 5. Nbd2 0-0 6. 0-0 d6 7. b3 Qe7 8. Bb2 Rd8 9. Bd5 Nxd5 10. exd5 Nd4 11. c3 Nf5 12. d4 exd4 13. cxd4 Bb4 14. a3 Ba5 15. b4 Bb6 16. Nc4 c5 17. Nxb6 axb6 18. Re1 Qf6 19. Qe2 Bd7 20. dxc5 Qg6 21. c6 bxc6 22. dxc6 Bxc6 23. Rac1 Bb7 24. g3 h6 25. Nd4 Nh4 26. b5 Re8 27. Qd3 Qxd3 28. gxh4 Rxe1+ 29. Rxe1 Qg6+ 30. Kf1 Qg2+ 31. Ke2 Re8+ 32. Kd2 Qxf2+ 33. Re2 Rxe2+ 34. Nxe2 Bf3 35. Bd4 Qxe2+ 36. Kc1 Qc4+ 37. Kd2 Qxd4+ 38. Ke1 Qb2 39. h3 Qe2# 0-1